Literacy teaching and learning in rural communities : (Record no. 362697)
[ view plain ]
| 000 -LEADER | |
|---|---|
| fixed length control field | 00480nam a2200133Ia 4500 |
| 008 - FIXED-LENGTH DATA ELEMENTS--GENERAL INFORMATION | |
| fixed length control field | 191111s9999 xx 000 0 und d |
| 020 ## - INTERNATIONAL STANDARD BOOK NUMBER | |
| International Standard Book Number | 9781138822344 |
| 100 ## - MAIN ENTRY--PERSONAL NAME | |
| Personal name | Eckert, Lisa Schade. |
| 245 ## - TITLE STATEMENT | |
| Statement of responsibility, etc | Lisa Schade Eckert.-- |
| Title | Literacy teaching and learning in rural communities : |
| Remainder of title | problematizing stereotypes, challenging myths / |
| 260 ## - PUBLICATION, DISTRIBUTION, ETC. (IMPRINT) | |
| Place of publication, distribution, etc | USA : |
| Name of publisher, distributor, etc | Routledge |
| Date of publication, distribution, etc | 2015 |
| 300 ## - PHYSICAL DESCRIPTION | |
| Extent | xix, 144 pages. |
| 650 ## - SUBJECT ADDED ENTRY--TOPICAL TERM | |
| Topical term or geographic name as entry element | Literacy -- social aspects |
| 650 ## - SUBJECT ADDED ENTRY--TOPICAL TERM | |
| Topical term or geographic name as entry element | Literacy -- study and teaching |
| Withdrawn status | Lost status | Damaged status | Home library | Current library | Shelving location | Date acquired | Source of acquisition | Total Checkouts | Full call number | Barcode | Date last seen | Price effective from | Koha item type |
|---|---|---|---|---|---|---|---|---|---|---|---|---|---|
| College Library | College Library | Reserve Section | 11/11/2019 | Library Fund | LC 149 .Ec19 2015 | C22051 | 11/11/2019 | 11/11/2019 | Books |